Datum a čas kvízu
28.5
Celkem bodů
Celkový počet nahraných bodů na tomto kvízu bez doplňovacích otázek.
5.
Pořadí na kvízu
Konečné umístění týmu na tomto kvízu.
Zaznamenané odpovědi
| # | Otázka | Odpověď | Body | Výsledky |
|---|---|---|---|---|
| 1. | Město Praha minulý týden oznám... | o jednorázové plastové nádobí | 0 | |
| 2. | Do boje o Bílý dům se minulý t... | Joe Biden | 0 | |
| 3. | Vzácná kytara, kterou si zakou... | George Harrison | 0 | |
| 4. | Filipínský prezident Rodrigo D... | Kanada | 1 | |
| 5. | Olomoucké hráčky ve třetím fin... | o volejbale | 1 | |
| 6. | Na obrázku vidíme jedno z nejs... | Frísko | 1 | |
| 7. | Jak se jmenuje bývalá nizozems... | Beatrix | 1 | |
| 8. | Nizozemsko se může pyšnit slav... | Hieronymus Bosch | 0 | |
| 9. | V nizozemském Haagu sídlí jist... | Shell | 1 | |
| 10. | Mezi nejoblíbenější sporty v N... | Hendrik Johannes Cruijff (Johan Cruyff) | 1 |